Kali Uchis: Complete Discography - Statistics

General Stats
  • This quiz has been taken 126 times
    9 since last reset
  • The average score is 104 of 147
Answer Stats
Album Song % Correct
Isolation After The Storm
100%
Sin Miedo Aguardiente y Limón
100%
To Feel Alive Angel
100%
Orquídeas Dame Beso / Muévete
100%
Sin Miedo Fue Mejor
100%
Orquídeas Heladito
100%
Sincerely ILYSMIH
100%
Red Moon In Venus In My Garden...
100%
Red Moon In Venus I Wish You Roses
100%
Orquídeas Labios Mordidos
100%
Por Vida Melting
100%
Red Moon In Venus Moonlight
100%
Singles Muévelo
100%
Singles No Hay Ley
100%
Orquídeas (Bonus) Simple
100%
Por Vida Sycamore Tree
100%
Sin Miedo Telepatía
100%
Isolation Your Teeth In My Neck
100%
Orquídeas (Bonus) Adicto
86%
Red Moon In Venus All Mine
86%
Sincerely (Bonus) All Of The Good
86%
Sincerely Angels All Around Me
86%
Red Moon In Venus Blue
86%
Isolation Body Language
86%
Sincerely Breeze
86%
Sincerely (Bonus) Cherry On Top
86%
Drunken Babble Chimichanga
86%
Orquídeas ¿Cómo Así?
86%
Red Moon In Venus Como Te Quiero Yo
86%
Duets / Collaborations | Sincerely (Bonus) Cry About It!
86%
Sincerely Daggers
86%
Red Moon In Venus Deserve Me
86%
Orquídeas Diosa
86%
Red Moon In Venus Endlessly
86%
Red Moon In Venus Fantasy
86%
Isolation Feel Like A Fool
86%
Isolation Flight 22
86%
Sincerely For You
86%
Isolation Gotta Get Up
86%
Red Moon In Venus Happy Now
86%
Red Moon In Venus Hasta Cuando
86%
Sincerely Heaven Is A Home
86%
To Feel Alive Honey Baby
86%
Orquídeas Igual que un Ángel
86%
Duets / Collaborations Is It A Crime
86%
Sincerely It's Just Us
86%
To Feel Alive I Want War / But I Need Peace
86%
Isolation Just A Stranger
86%
Isolation Killer
86%
Sin Miedo La Luz / Fín
86%
Por Vida Loner
86%
Sincerely Lose My Cool
86%
Por Vida Lottery
86%
Red Moon In Venus Love Between...
86%
Isolation Miami
86%
Red Moon In Venus Moral Conscience
86%
Orquídeas No Hay Ley Parte 2
86%
Red Moon In Venus Not Too Late
86%
Isolation Nuestro Planeta
86%
Por Vida Rush
86%
Features See You Again
86%
Features She's My Collar
86%
Sincerely Silk Lingerie
86%
Por Vida Speed
86%
Sincerely Sugar Honey Love
86%
Sincerely Sunshine & Rain
86%
Orquídeas Te Mata
86%
Sincerely Territorial
86%
To Feel Alive To Feel Alive
86%
Isolation Tomorrow
86%
Isolation Tyrant
86%
Sin Miedo Vaya Con Dios
86%
Sincerely (Bonus) Whispers Of The Wind
86%
Red Moon In Venus Worth The Wait
86%
Orquídeas Young Rich & In Love
86%
Sincerely All I Can Say
71%
Sin Miedo Aquí Yo Mando
71%
Por Vida Call Me
71%
Isolation Coming Home
71%
Orquídeas (Bonus) Como Debe Ser
71%
Features Damn Right
71%
Isolation Dead To Me
71%
Sin Miedo De Nadie
71%
Sincerely Fall Apart
71%
Isolation In My Dreams
71%
Por Vida Know What I Want
71%
Sin Miedo La Luna Enamorada
71%
Orquídeas Me Pongo Loca
71%
Orquídeas Muñekita
71%
Drunken Babble Never Be Yours
71%
Sin Miedo No Eres Tú / Soy Yo
71%
Orquídeas Pensamientos Intrusivos
71%
Orquídeas Perdiste
71%
Sincerely (Bonus) Pretty Promises
71%
Sin Miedo Que Te Pedi
71%
Por Vida Ridin' Round
71%
Drunken Babble Table For Two
71%
Orquídeas Tu Corazón Es Mío...
71%
Features 10%
57%
Sin Miedo Ángel sin Cielo
57%
Duets / Collaborations Crashing
57%
Features Desafinado
57%
Features Drugs N Hella Melodies
57%
Features Get You
57%
Drunken Babble Good To You
57%
Duets / Collaborations Only Girl
57%
Sin Miedo Quiero Sentirme Bien
57%
Features Sad Girlz Luv Money
57%
Sin Miedo (Bonus) Solita
57%
Sin Miedo Te Pongo Mal / Préndelo
57%
Duets / Collaborations Time
57%
Features Worth My While
57%
Features 4 Me
43%
Duets / Collaborations Another Day In America
43%
Features Are You Feeling Sad?
43%
Features Bad Life
43%
Features Caramelo Duro
43%
Drunken Babble Dream
43%
Features Hey Boy
43%
Drunken Babble Inhale
43%
Drunken Babble Lean On You
43%
Duets / Collaborations Me Tengo Que Ir
43%
Drunken Babble Mucho Gusto
43%
Drunken Babble Pay Day
43%
Drunken Babble Rollin Up
43%
Drunken Babble Sunset
43%
Drunken Babble Three Pills
43%
Drunken Babble Tiger Lily
43%
Drunken Babble T.Y.W.I.G.
43%
Features Wave
43%
Drunken Babble What They Say
43%
Duets / Collaborations Baby Boy
29%
Features Find Your Wings
29%
Features Fucking Young / Perfect
29%
Singles La Única
29%
Features On Edge
29%
Features The Turn
29%
Features Ticker Tape
29%
Duets / Collaborations Tirano
29%
Drunken Babble You Just Wanna Stay
29%
Drunken Babble (Bonus) Birthday Song
14%
Features Divine
14%
Features El Ratico
14%
Drunken Babble (Bonus) Multi
14%
Features Perfect
14%
Drunken Babble (Bonus) Porque Te Vas
0%
No matching quizzes found
Score Distribution
Percent of People with Each Score
Percentile by Number Answered
Your Score History
You have not taken this quiz since the last reset